• 首页
  • 本馆介绍
  • 公告通知
  • 最新文献
  • 馆藏检索
  • 电子资源
  • 读者导购
  • 参考咨询
  • 我的图书馆
  • 登录
  • 详细信息显示
  • 放入我的书架
  • 预约/预借图书
  • 作者相关作品
  • 分类相关作品
  • 丛书相关作品
  • 出版社相关作品

书目信息

  • 表格格式
  • 工作单格式
  • 卡片格式
题名:
白天的猫头鹰
    
 
作者: 袁清华 译
分册:  
出版信息: 北京   北京出版社  1984
页数: 230页
开本: 21cm
丛书名:
单 册:
中图分类: I546.45 , I546.4
科图分类:
主题词: 中篇小说--意大利--现代--选集 , 文学
电子资源:
ISBN:
000 00792nam0 2200277 45
001 0184003832
005 20040406145207.5
010    @dCNY0.92
091    @a10071.524
100    @a19950424d1984 em y0chiy0121 ea
101 1  @achi@cita
102    @aCN@b110000
105    @ay z 000ay
106    @ar
200 10 @a白天的猫头鹰@Abai tian de mao tou ying@e意大利当代中篇小说选@f袁华清译
210    @a北京@c北京出版社@d1984
215    @a230页@d21cm
517 1  @a意大利当代中篇小说选@Ayi da li dang dai zhong pian xiao shuo xuan
606    @a中篇小说@y意大利@z现代@x选集
606 0  @a文学
690    @aI546.45@v3
690    @aI546.4
701  0 @a袁清华@Ayuan qing hua@4译
801  0 @aCN@b上海图书馆@c20040406
801  2 @aCN@bNLC@c20040406
905    @f2@b135375-376@dI546.4@e19
    
    白天的猫头鹰:意大利当代中篇小说选/袁华清译.-北京:北京出版社,1984
    230页;21cm
    
    
    ISBN :CNY0.92
    
●
相关链接 在E读中查询图书 在五车中查询图书 在当当中查询图书 在豆瓣中查询图书


正题名:白天的猫头鹰     索取号:I546.4/19         预约/预借

序号 登录号 条形码 馆藏地/架位号 状态 备注
1 0135376   000673364   密集书库/ [索取号:I546.4/19] 在馆    
唐山师范学院图书馆 欢迎您!
大连网信软件有限公司© 版权所有